=LDR 00000nam 2200000 4500 =001 NUTBA000000000006198 =005 20141125093537.0 =006 =007 =008 =020 ##$$a 979-9409-73-x =035 ##$$a 0010-111400000000677 =040 ##$$a NBPDMAT =082 ##$$a 372.35 =090 ##$$a 372.35 $b And s =100 ##$$a Andy Santoso =245 ##$$a Sains sukses 3 / $c Andy Santoso =260 ##$$a Surabaya : $b Pustaka Anging Mamiri, $c 2007 =300 ##$$a 28 hlm. : $b ilus. ; $c 24 cm. =650 ##$$a Sains SD